Química industrial / (Record no. 127362)

MARC details
000 -LEADER
campo de control de longitud fija 00870nam a2200241 i 4500
001 - NÚMERO DE CONTROL
campo de control 127362
003 - IDENTIFICADOR DE NÚMERO DE CONTROL
campo de control ES-MaACL
005 - FECHA Y HORA DE LA ÚLTIMA TRANSACCIÓN
campo de control 20250815112923.0
007 - CAMPO FIJO DE DESCRIPCIÓN FÍSICA--INFORMACIÓN GENERAL
campo de control de longitud fija t|
008 - DATOS DE LONGITUD FIJA--INFORMACIÓN GENERAL
campo de control de longitud fija 070214s1964 sp r ||||1| spa d
100 1# - ENTRADA PRINCIPAL--NOMBRE DE PERSONA
Nombre de persona Riegel, Emil Raymond.
9 (RLIN) 97083
245 10 - MENCIÓN DEL TÍTULO
Título Química industrial /
Mención de responsabilidad, etc. Emil Raymond Riegel ; dirigida por James A. Kent ; versión dirigida por José M. Costa ; presentación de la versión española por Angel Vian.
260 ## - PUBLICACIÓN, DISTRIBUCIÓN, ETC.
Lugar de publicación, distribución, etc. Barcelona :
Nombre del editor, distribuidor, etc. Grijalbo,
Fecha de publicación, distribución, etc. 1964.
300 ## - DESCRIPCIÓN FÍSICA
Extensión XL, 1094 p. :
Otras características físicas il. ;
Dimensiones 25 cm.
490 1# - MENCIÓN DE SERIE
Mención de serie Tratados y manuales Grijalbo
650 07 - PUNTO DE ACCESO ADICIONAL DE MATERIA--TÉRMINO DE MATERIA
Término de materia o nombre geográfico como elemento de entrada Química industrial
Fuente del encabezamiento o término embne
9 (RLIN) 16636
700 1# - ENTRADA AGREGADA--NOMBRE PERSONAL
Nombre de persona Kent, James A.
9 (RLIN) 67862
700 1# - ENTRADA AGREGADA--NOMBRE PERSONAL
Nombre de persona Costa, José María.
9 (RLIN) 41062
700 1# - ENTRADA AGREGADA--NOMBRE PERSONAL
Nombre de persona Vian Ortuño, Ángel.
9 (RLIN) 114278
830 0# - PUNTO DE ACCESO ADICIONAL DE SERIE-TÍTULO UNIFORME
Título uniforme Tratados y manuales Grijalbo
9 (RLIN) 184019
852 ## - LOCALIZACIÓN
Ubicación ES-MaACL
Número de control de estantería C-25217
Sublocalización o colección R.54035
Holdings
Estatus retirado Estado de pérdida Estado de daño No para préstamo Biblioteca de origen Biblioteca actual Ubicación en estantería Fecha de adquisición Fuente de adquisición Total de préstamos Signatura topográfica completa Código de barras Visto por última vez Precio de reemplazo Tipo de ítem Koha
        Biblioteca del Ateneo de Madrid Biblioteca del Ateneo de Madrid Depósito 2 17/01/2008     C-25217 1132654 23/02/2023 23/02/2023 Libro impreso